000 00550nam a2200193Ia 4500
008 131103s9999 xx 000 0 und d
040 _aLoreto College
041 _aEnglish
082 _a822.33/T5/SHA/LCLIB/16754
_bLCLIB/16754
100 _aHarrison,G.B.
245 4 _aThe tragedy of Macbeth
_cG.B.Harrison
260 _aHarmoundsworth
_bPenguin Books
_c[19 - ?]
300 _a124 p.
_c 18 cm.
504 _aIncludes notes and glossary
650 _aEnglish Drama
651 _aShakespeare,William - Macbeth
850 _aLCLIB
942 _cBK
999 _c4418
_d54897